[Event "TCh-CHN 2019"]
[Site "China CHN"]
[Date "2019.08.21"]
[Round "13.5"]
[Board "2"]
[White "Cheparinov, Ivan"]
[Black "Ma, Qun"]
[Result "1/2-1/2"]
[WhiteTitle "GM"]
[BlackTitle "GM"]
[WhiteElo "2687"]
[BlackElo "2627"]
[WhiteTeam "Guangdong Shenzhen Longgang Chess team"]
[BlackTeam "Hangzhou Bank Team"]
[WhiteFideId "2905540"]
[BlackFideId "8603154"]
[EventDate "2019.04.09"]

1. e4 e5 2. Nf3 Nc6 3. d4 exd4 4. Nxd4 Nf6 5. Nxc6 bxc6 6. e5 Qe7 7. Qe2 Nd5 8.
h4 Qe6 9. Nd2 a5 10. g3 Nb4 11. Nf3 Ba6 12. c4 Qg6 13. Kd1 h5 14. a3 Nd5 15. e6
O-O-O 16. exf7 Qxf7 17. Ne5 Qe6 18. Bh3 Qd6 19. Bd2 Nb6 20. Rc1 Re8 21. Re1 g6
22. Qe4 Bg7 23. f4 c5 24. b4 axb4 25. axb4 Bb7 26. bxc5 Qxc5 27. Nxd7 Bxe4 28.
Nxc5+ Bf5 29. Bxf5+ gxf5 30. Ne6 Bf6 31. c5 Na4 32. c6 Rhg8 33. Re3 Rg6 34. Ng5
Rxe3 35. Bxe3 Bc3 36. Kc2 Bb2 37. Re1 Bc3 38. Rc1 Bb2 39. Re1 Bc3 40. Rf1 Bg7
41. Kb3 Nc3 42. Ra1 Rxc6 43. Ra8+ Kb7 44. Rg8 Ne2 45. Rxg7 Rc3+ 46. Kb2 Rxe3 47.
Nf7 Rxg3 48. Rg5 Rh3 1/2-1/2

[Event "TCh-CHN 2019"]
[Site "China CHN"]
[Date "2019.08.21"]
[Round "13.5"]
[Board "3"]
[White "Xu, Yinglun"]
[Black "Bai, Jinshi"]
[Result "1/2-1/2"]
[WhiteTitle "GM"]
[BlackTitle "GM"]
[WhiteElo "2555"]
[BlackElo "2600"]
[WhiteTeam "Guangdong Shenzhen Longgang Chess team"]
[BlackTeam "Hangzhou Bank Team"]
[WhiteFideId "8604940"]
[BlackFideId "8602280"]
[EventDate "2019.04.09"]

1. d4 Nf6 2. c4 g6 3. Nc3 d5 4. Bg5 Ne4 5. Bh4 c5 6. e3 Qa5 7. Nf3 Nxc3 8. Qd2
cxd4 9. exd4 Nc6 10. bxc3 Bh6 11. Qb2 O-O 12. cxd5 Qxd5 13. Be2 e5 14. O-O exd4
15. Nxd4 Nxd4 16. cxd4 Bg7 17. Bf3 Qxd4 18. Qxd4 Bxd4 19. Rad1 Bb6 20. Rfe1 Be6
21. Bxb7 Rab8 22. Bd5 Bxd5 23. Rxd5 Rbc8 24. Kf1 Rc2 25. Re2 Rc1+ 26. Re1 Rc2
27. Re2 Rfc8 28. Bg5 f6 29. Bxf6 Rc1+ 30. Re1 Rxe1+ 31. Kxe1 Rc2 32. Bd4 Bxd4
33. Rxd4 Rxa2 34. Rd8+ Kg7 35. Rd7+ Kg8 36. Rd8+ Kg7 37. Rd7+ 1/2-1/2

[Event "TCh-CHN 2019"]
[Site "China CHN"]
[Date "2019.08.21"]
[Round "13.5"]
[Board "4"]
[White "Li, Ruofan"]
[Black "Li, Xueyi"]
[Result "1-0"]
[WhiteTitle "IM"]
[BlackTitle "WGM"]
[WhiteElo "2335"]
[BlackElo "2296"]
[WhiteTeam "Hangzhou Bank Team"]
[BlackTeam "Guangdong Shenzhen Longgang Chess team"]
[WhiteFideId "8600643"]
[BlackFideId "8605912"]
[EventDate "2019.04.09"]

1. Nf3 d5 2. g3 Nf6 3. Bg2 g6 4. b3 Bg7 5. Bb2 c5 6. c4 d4 7. b4 O-O 8. O-O Ne4
9. Qc2 Nf6 10. d3 Nfd7 11. e3 e5 12. bxc5 Nxc5 13. exd4 exd4 14. Ba3 Nba6 15.
Nbd2 Bf5 16. Ne1 Rb8 17. Nb3 b6 18. Rd1 Qd7 19. Nf3 Rfe8 20. Nxc5 Nxc5 21. Bxc5
bxc5 22. Rb1 Qc7 23. Ng5 h6 24. Ne4 Bd7 25. Rxb8 Rxb8 26. Rb1 Rb6 27. h4 a5 28.
Qc1 a4 29. Kh2 Rb4 30. Rb2 f5 31. Nd2 Qb8 32. Bd5+ Kh7 33. Rc2 Bc8 34. Nf3 Bb7
35. h5 Bxd5 36. hxg6+ Kg8 37. cxd5 Rb1 38. Qd2 Qd6 39. Qe2 Qxg6 40. Nh4 Qf6 41.
Rxc5 a3 42. Rc6 Rb2 43. Qf3 Qe5 44. Nxf5 Qe2 45. Nxh6+ Bxh6 46. Rc8+ Kh7 47.
Qf5+ Kg7 48. Rc7+ 1-0

[Event "TCh-CHN 2019"]
[Site "China CHN"]
[Date "2019.08.21"]
[Round "13.5"]
[Board "5"]
[White "Gu, Tianlu"]
[Black "Ushenina, Anna"]
[Result "1-0"]
[WhiteTitle "WIM"]
[BlackTitle "GM"]
[WhiteElo "2261"]
[BlackElo "2416"]
[WhiteTeam "Hangzhou Bank Team"]
[BlackTeam "Guangdong Shenzhen Longgang Chess team"]
[WhiteFideId "8603995"]
[BlackFideId "14110911"]
[EventDate "2019.04.09"]

1. e4 c6 2. Nc3 d5 3. Nf3 Nf6 4. e5 Ne4 5. Nxe4 dxe4 6. Ng5 Qd5 7. Qe2 Bf5 8. g4
Bg6 9. Bg2 Qxe5 10. Nxe4 h5 11. g5 Nd7 12. d3 Qc7 13. Bd2 h4 14. f4 Bf5 15.
O-O-O O-O-O 16. Rhf1 Kb8 17. Bc3 Rh7 18. g6 Bxg6 19. Ng5 Rh5 20. Be4 Qd6 21. Qg4
Rh6 22. Bxg6 Qxg6 23. f5 Qh5 24. Qxh5 Rxh5 25. Nxf7 Rc8 26. Rde1 b6 27. Bd2 c5
28. Ng5 c4 29. d4 Nf6 30. Ne6 h3 31. Nxf8 Rxf8 32. Rxe7 Ng4 33. Bf4+ Ka8 34.
Rxg7 Rh4 35. Bg3 Ne3 36. Rf3 Re4 37. f6 Nd5 38. f7 Ne7 39. Be5 Kb7 40. Rxh3 Nf5
41. Rh8 Nxg7 42. Rxf8 Ne6 43. Re8 1-0

[Event "TCh-CHN 2019"]
[Site "China CHN"]
[Date "2019.08.21"]
[Round "13.6"]
[Board "2"]
[White "Naiditsch, Arkadij"]
[Black "Liu, Yan"]
[Result "0-1"]
[WhiteTitle "GM"]
[BlackTitle "GM"]
[WhiteElo "2617"]
[BlackElo "2513"]
[WhiteTeam "Chongqing Jiulongpo Yucai Chess team"]
[BlackTeam "Chongqing Sports lottery chess team"]
[WhiteFideId "4650891"]
[BlackFideId "8608962"]
[EventDate "2019.04.09"]

1. e4 e5 2. Nf3 Nf6 3. Nc3 Nc6 4. Bb5 Bb4 5. O-O O-O 6. d3 Bxc3 7. bxc3 d6 8.
Bg5 Bd7 9. Rb1 h6 10. Bh4 a6 11. Ba4 b5 12. Bb3 Re8 13. Re1 Na5 14. d4 Bg4 15.
h3 Bxf3 16. Qxf3 Qe7 17. Rbd1 g5 18. Bg3 Kg7 19. Re3 Nd7 20. dxe5 Nxe5 21. Bxe5+
dxe5 22. Red3 Nxb3 23. cxb3 Rad8 24. Qe3 Rxd3 25. Qxd3 Qc5 26. Qg3 Re6 27. Rd5
Qe7 28. h4 c6 29. Rd3 Rg6 30. hxg5 hxg5 31. Qe3 g4 32. g3 Rh6 33. c4 Qf6 34. c5
Qg6 35. Rd6 Qh5 36. Kf1 Rxd6 37. cxd6 Qh1+ 38. Ke2 Kf6 39. d7 Ke7 40. Qg5+ Kxd7
41. Qf5+ Kd6 42. Qf6+ Kc5 43. Qxe5+ Kb4 44. Qf4 Ka3 45. Qxg4 Kxa2 46. Qf5 c5 47.
Qd5 Qb1 48. g4 Qxb3 49. g5 c4 50. Qxf7 Qd3+ 51. Ke1 Kb2 52. g6 c3 53. Qf6 Kb1
54. Qe7 Qd2+ 0-1

[Event "TCh-CHN 2019"]
[Site "China CHN"]
[Date "2019.08.21"]
[Round "13.6"]
[Board "3"]
[White "Nie, Xinyang"]
[Black "Zhou, Weiqi"]
[Result "0-1"]
[BlackTitle "GM"]
[WhiteElo "2348"]
[BlackElo "2592"]
[WhiteTeam "Chongqing Jiulongpo Yucai Chess team"]
[BlackTeam "Chongqing Sports lottery chess team"]
[WhiteFideId "8607222"]
[BlackFideId "8601674"]
[EventDate "2019.04.09"]

1. d4 Nf6 2. Nf3 e6 3. c4 b6 4. g3 Bb7 5. Bg2 g6 6. O-O Bg7 7. Nc3 Ne4 8. Nxe4
Bxe4 9. b3 O-O 10. Bb2 d5 11. e3 dxc4 12. bxc4 Qc8 13. Qe2 Nc6 14. Rfd1 Na5 15.
Bc3 Qa6 16. Bxa5 Qxa5 17. Nd2 Bxg2 18. Kxg2 c5 19. Nb3 Qa6 20. Rac1 cxd4 21.
exd4 Rac8 22. Rc2 Rfe8 23. f3 Qa4 24. Qd3 Red8 25. Qe2 Qa6 26. Kf2 Bf6 27. f4
Rd7 28. Ke3 Qa3 29. Rd3 Qa4 30. Rd1 Rcd8 31. Rcd2 Qb4 32. Kf2 a5 33. d5 exd5 34.
Rxd5 Rxd5 35. cxd5 a4 36. Nc1 Qc5+ 37. Kg2 Rxd5 38. Nd3 Qc4 39. g4 h6 40. Kg3
Rd8 41. h4 b5 42. g5 hxg5 43. hxg5 Bg7 44. Rd2 Qc3 45. Kg4 Bf8 46. Rd1 Qc4 47.
Kf3 Rd4 48. f5 Qd5+ 49. Kg3 Qxf5 0-1

[Event "TCh-CHN 2019"]
[Site "China CHN"]
[Date "2019.08.21"]
[Round "13.6"]
[Board "4"]
[White "Lei, Tingjie"]
[Black "Javakhishvili, Lela"]
[Result "1/2-1/2"]
[WhiteTitle "GM"]
[BlackTitle "IM"]
[WhiteElo "2483"]
[BlackElo "2463"]
[WhiteTeam "Chongqing Sports lottery chess team"]
[BlackTeam "Chongqing Jiulongpo Yucai Chess team"]
[WhiteFideId "8605114"]
[BlackFideId "13601458"]
[EventDate "2019.04.09"]

1. e4 d6 2. d4 Nf6 3. Nc3 g6 4. Be3 c6 5. Qd2 Nbd7 6. Nf3 Bg7 7. a4 e5 8. Be2
O-O 9. O-O d5 10. exd5 e4 11. Ng5 cxd5 12. f3 exf3 13. Nxf3 Ne4 14. Qe1 Ndf6 15.
Ne5 Be6 16. Bd3 Rc8 17. Ne2 Ng4 18. Nxg4 Bxg4 19. Bxe4 dxe4 20. c3 Be6 21. d5
Qxd5 22. Bxa7 Qa5 23. Qf2 Bc4 24. Rfe1 f5 25. Bb6 Qe5 26. Bd4 Qc7 27. Bxg7 Qxg7
28. Nd4 Rce8 29. Nb5 Qe5 30. Qb6 Rf6 31. Qxb7 Rb8 32. Qd7 1/2-1/2

[Event "TCh-CHN 2019"]
[Site "China CHN"]
[Date "2019.08.21"]
[Round "13.6"]
[Board "5"]
[White "Tan, Zhongyi"]
[Black "Zhang, Lanlin"]
[Result "1-0"]
[WhiteTitle "GM"]
[WhiteElo "2502"]
[BlackElo "2173"]
[WhiteTeam "Chongqing Sports lottery chess team"]
[BlackTeam "Chongqing Jiulongpo Yucai Chess team"]
[WhiteFideId "8603642"]
[BlackFideId "8608032"]
[EventDate "2019.04.09"]

1. Nf3 d5 2. g3 c5 3. Bg2 Nf6 4. O-O Nbd7 5. c4 dxc4 6. Na3 e6 7. Nxc4 b5 8.
Nce5 h6 9. a4 b4 10. a5 Bb7 11. Qa4 Bd6 12. Nc4 Be7 13. d3 O-O 14. Bf4 g5 15.
Bd2 Qc7 16. Rfc1 Bc6 17. Qd1 Rad8 18. Qe1 Qb8 19. e4 Bb5 20. e5 Ng4 21. d4 cxd4
22. Nd6 Ngxe5 23. Nxe5 Bxd6 24. Ng4 Kg7 25. h4 h5 26. Nh2 g4 27. Rd1 Ne5 28. Qe4
Bd3 29. Qxd4 f6 30. Bf4 Bg6 31. Qe3 Rh8 32. Rac1 Bf5 33. Nf1 Nd3 34. Bxd6 Rxd6
35. Rc6 Rhd8 36. Rxd6 Rxd6 37. Qd2 Rd7 38. Ne3 Bg6 39. Qc2 Qc7 40. Qa4 Rd4 41.
Qb5 Qd7 42. Bc6 Qc7 43. a6 Rd6 44. Bg2 Rb6 45. Qa4 Nc5 46. Rc1 Qe7 47. Qa2 Bd3
48. b3 Bxa6 49. Qc2 Nd3 50. Ra1 Ne5 51. Ra5 Bb5 52. Ra1 Bc6 53. Qa2 Bxg2 54.
Nxg2 Rd6 55. Nf4 Nf3+ 56. Kf1 a6 57. Qc2 Qf7 58. Qc5 Nd2+ 59. Kg1 Nxb3 60. Qxb4
Nxa1 61. Qxd6 e5 62. Ne6+ Kh7 63. Nd8 Qg7 64. Qxa6 Qe7 65. Nc6 Qd6 66. Qa7+ Kh8
67. Ne7 Qd1+ 68. Kh2 Qd4 69. Qb8+ 1-0

[Event "TCh-CHN 2019"]
[Site "China CHN"]
[Date "2019.08.22"]
[Round "14.1"]
[Board "1"]
[White "Wen, Yang"]
[Black "Peng, Xiongjian"]
[Result "1-0"]
[WhiteTitle "GM"]
[WhiteElo "2586"]
[BlackElo "2489"]
[WhiteTeam "Shandong Jingzhi team"]
[BlackTeam "Chongqing Jiulongpo Yucai Chess team"]
[WhiteFideId "8602956"]
[BlackFideId "8610550"]
[EventDate "2019.04.09"]

1. e4 e5 2. Nf3 Nc6 3. Bc4 Nf6 4. d3 Bc5 5. c3 d6 6. O-O O-O 7. Re1 a5 8. h3 h6
9. Nbd2 Be6 10. Bb5 Qb8 11. Nf1 Qa7 12. Re2 a4 13. Ng3 Qa5 14. Bxc6 bxc6 15. Nh4
Rfe8 16. Re1 Kh7 17. Qf3 Rab8 18. Nhf5 Ng8 19. Nh5 Bxf5 20. Qxf5+ Kh8 21. Qxf7
Re7 22. Qf3 g6 23. Ng3 Re6 24. Qe2 h5 25. Rb1 Rf6 26. Be3 Bxe3 27. Qxe3 c5 28.
Ne2 Kg7 29. f4 exf4 30. Nxf4 Rbf8 31. Rf1 Qb6 32. Rf2 Qc6 33. Rbf1 Qe8 34. g4
Kh7 35. g5 R6f7 36. Nd5 Rxf2 37. Rxf2 Rxf2 38. Qxf2 Qe6 39. Qf8 Qxh3 40. Nf6+
Nxf6 41. Qh6+ Kg8 42. Qxg6+ Kf8 43. gxf6 Qe6 44. Qh6+ Kf7 45. Qxh5+ Kxf6 46.
Qh6+ Ke7 47. Qxe6+ Kxe6 48. Kf2 Kf6 49. Ke3 Ke6 50. d4 c4 51. d5+ Ke5 52. a3 1-0

[Event "TCh-CHN 2019"]
[Site "China CHN"]
[Date "2019.08.22"]
[Round "14.1"]
[Board "2"]
[White "Zhao, Jun"]
[Black "Naiditsch, Arkadij"]
[Result "1/2-1/2"]
[WhiteTitle "GM"]
[BlackTitle "GM"]
[WhiteElo "2639"]
[BlackElo "2617"]
[WhiteTeam "Shandong Jingzhi team"]
[BlackTeam "Chongqing Jiulongpo Yucai Chess team"]
[WhiteFideId "8602522"]
[BlackFideId "4650891"]
[EventDate "2019.04.09"]

1. Nf3 d5 2. g3 g6 3. Bg2 Bg7 4. d4 Nf6 5. O-O O-O 6. Bf4 c6 7. Nbd2 Be6 8. c3
h6 9. Ne5 Nbd7 10. Nd3 g5 11. Be5 Bf5 12. Re1 Nxe5 13. Nxe5 e6 14. Qb3 Qc7 15.
e4 Bh7 16. exd5 exd5 17. Re3 a5 18. a4 Rad8 19. Rae1 b6 20. c4 c5 21. dxc5 Qxc5
22. cxd5 Nxd5 23. Bxd5 Rxd5 24. Ndc4 Bxe5 25. Nxe5 Bc2 26. Qa2 Bf5 27. b3 Rfd8
28. Qe2 Be6 29. h4 gxh4 30. gxh4 Kh7 31. Rg3 Qb4 32. Qc2+ Kh8 33. Ng6+ fxg6 34.
Rxe6 Rd1+ 35. Kg2 Qxh4 36. Re1 Rxe1 37. Qc3+ Rd4 38. Qxe1 Kh7 39. Qc3 Qe4+ 40.
Rf3 Qg4+ 41. Kh2 Qd7 42. Rf7+ Qxf7 43. Qxd4 Qc7+ 44. Kg1 h5 45. b4 axb4 46. Qxb4
Qd8 47. Qf4 Kg7 48. Kh2 Qf6 49. Qc7+ Kh6 50. Kg2 Qd4 51. Qc6 Kg5 52. Kf1 Kf5 53.
Qc8+ Kg5 54. Qe8 Kh4 55. Qc6 Qd1+ 56. Kg2 Qg4+ 57. Kh2 Qd4 58. Kg1 Kg5 59. Qe8
Qc5 60. Qd8+ Kg4 61. Qd3 Qc1+ 62. Kg2 Qc6+ 63. Kg1 Qf3 64. Qd7+ Kh4 65. Qd6 Qg4+
66. Kh2 Qh3+ 67. Kg1 Qg4+ 68. Kh2 g5 69. Qxb6 Qxa4 70. Qd8 Qf4+ 71. Kg2 Qe4+ 72.
Kh2 Qf3 73. Qd4+ Qg4 74. Qd3 Qf4+ 75. Kg2 Qg4+ 76. Kh2 Qf4+ 1/2-1/2

[Event "TCh-CHN 2019"]
[Site "China CHN"]
[Date "2019.08.22"]
[Round "14.1"]
[Board "3"]
[White "Liu, Qingnan"]
[Black "Nie, Xinyang"]
[Result "1-0"]
[WhiteTitle "GM"]
[WhiteElo "2533"]
[BlackElo "2348"]
[WhiteTeam "Shandong Jingzhi team"]
[BlackTeam "Chongqing Jiulongpo Yucai Chess team"]
[WhiteFideId "8603294"]
[BlackFideId "8607222"]
[EventDate "2019.04.09"]

1. e4 e6 2. d4 d5 3. Nc3 Nf6 4. e5 Nfd7 5. f4 c5 6. Nf3 Nc6 7. Be3 Qb6 8. Na4
Qa5+ 9. c3 cxd4 10. b4 Qc7 11. Nxd4 Nxd4 12. Bxd4 Nb8 13. Bd3 Nc6 14. Bf2 b6 15.
O-O Bb7 16. Rc1 Rd8 17. Qg4 Qb8 18. Bh4 Rd7 19. Rce1 g6 20. Bf6 h5 21. Qg5 Rh6
22. f5 gxf5 23. Bxf5 Ba6 24. Bc2 Bxf1 25. Kxf1 Rxf6+ 26. Qxf6 d4 27. Bd1 Nd8 28.
cxd4 Rxd4 29. Nc3 Rxb4 30. Be2 Qc7 31. Rd1 Nb7 32. Bxh5 Qe7 33. Qf3 Bh6 34. Ne4
Kf8 35. Kg1 Bg7 36. Nf6 Bxf6 37. exf6 Qc5+ 38. Kh1 Qg5 39. Qxb7 Qxf6 40. Qxa7
Kg7 41. Qa3 Rh4 42. Qg3+ Kh6 43. Be2 Qf4 44. Qxf4+ Rxf4 45. Bb5 Rb4 46. a4 e5
47. Rf1 Kg6 48. Be8 Kg5 49. Bxf7 Rxa4 50. g3 1-0

[Event "TCh-CHN 2019"]
[Site "China CHN"]
[Date "2019.08.22"]
[Round "14.1"]
[Board "4"]
[White "Javakhishvili, Lela"]
[Black "Ning, Kaiyu"]
[Result "0-1"]
[WhiteTitle "IM"]
[BlackTitle "WIM"]
[WhiteElo "2463"]
[BlackElo "2353"]
[WhiteTeam "Chongqing Jiulongpo Yucai Chess team"]
[BlackTeam "Shandong Jingzhi team"]
[WhiteFideId "13601458"]
[BlackFideId "8614750"]
[EventDate "2019.04.09"]

1. d4 d5 2. c4 e6 3. Nc3 Nf6 4. cxd5 Nxd5 5. e4 Nxc3 6. bxc3 c5 7. Rb1 Be7 8.
Nf3 O-O 9. h4 cxd4 10. cxd4 Nc6 11. Bb5 a6 12. Bxc6 bxc6 13. Ne5 Bd6 14. Nc4 Be7
15. h5 h6 16. Be3 a5 17. Ne5 Ba6 18. Rh3 Bb4+ 19. Rxb4 axb4 20. Nxc6 Qb6 21. d5
Qb5 22. Rg3 Qf1+ 23. Kd2 Qd3+ 24. Ke1 Qc3+ 25. Qd2 Qc4 26. Qd1 Bb5 27. Na7 Rxa7
28. Bxa7 Ra8 29. Bd4 Qf1+ 30. Kd2 Rxa2+ 31. Kc1 Rc2+ 32. Kxc2 Ba4+ 0-1

[Event "TCh-CHN 2019"]
[Site "China CHN"]
[Date "2019.08.22"]
[Round "14.1"]
[Board "5"]
[White "Huang, Qian"]
[Black "Stefanova, Antoaneta"]
[Result "0-1"]
[WhiteTitle "WGM"]
[BlackTitle "GM"]
[WhiteElo "2429"]
[BlackElo "2476"]
[WhiteTeam "Chongqing Jiulongpo Yucai Chess team"]
[BlackTeam "Shandong Jingzhi team"]
[WhiteFideId "8602689"]
[BlackFideId "2902257"]
[EventDate "2019.04.09"]

1. d4 Nf6 2. c4 g6 3. g3 c6 4. Bg2 d5 5. Nf3 Bg7 6. O-O O-O 7. b3 Bf5 8. Bb2 a5
9. Nbd2 a4 10. bxa4 Qa5 11. Qb3 Qxa4 12. Rfc1 Nbd7 13. cxd5 cxd5 14. e3 Rfb8 15.
Ne5 Be6 16. Nd3 g5 17. Bf1 h6 18. Qxa4 Rxa4 19. Nb3 Bf5 20. Ndc5 Nxc5 21. Nxc5
Ra7 22. a4 Rba8 23. Bb5 b6 24. Nd3 Bxd3 25. Bxd3 Rxa4 26. Rxa4 Rxa4 27. Rc6 Bf8
28. Rxb6 e6 29. Rb8 Kg7 30. Bc3 Ra3 31. Rc8 Bb4 32. Bxb4 Rxd3 33. Rc2 g4 34. Kg2
h5 35. h3 Ne4 36. hxg4 hxg4 37. f3 Ng5 38. fxg4 Rxe3 39. Bd6 Rd3 40. Be5+ f6 41.
Bf4 Rxd4 42. Rc7+ Kg6 43. Re7 Re4 44. Re8 d4 45. Rg8+ Kf7 46. Rd8 Ke7 47. Rg8 d3
48. Rg7+ Nf7 49. Kf3 Re1 50. g5 fxg5 51. Bd2 Re2 52. Bxg5+ Kf8 53. Bf6 Re1 54.
Bc3 Re2 55. Rg4 e5 56. Rg6 Ke7 57. Bb4+ Kd7 58. Rf6 Ng5+ 59. Kg4 Ne4 60. Rf7+
Kc6 61. Re7 Kb5 62. Rb7+ Kc4 63. Kf3 Ng5+ 64. Kg4 Ne6 65. Ba5 Nd4 66. Re7 Kd5
67. Kh5 d2 68. Bxd2 Rxd2 69. g4 Rg2 70. g5 Ne6 0-1

[Event "TCh-CHN 2019"]
[Site "China CHN"]
[Date "2019.08.22"]
[Round "14.2"]
[Board "1"]
[White "Liu, Yan"]
[Black "Cheparinov, Ivan"]
[Result "1/2-1/2"]
[WhiteTitle "GM"]
[BlackTitle "GM"]
[WhiteElo "2513"]
[BlackElo "2687"]
[WhiteTeam "Chongqing Sports lottery chess team"]
[BlackTeam "Guangdong Shenzhen Longgang Chess team"]
[WhiteFideId "8608962"]
[BlackFideId "2905540"]
[EventDate "2019.04.09"]

1. d4 f5 2. Nf3 Nf6 3. g3 g6 4. Bg2 Bg7 5. O-O O-O 6. c4 d6 7. Nc3 c6 8. d5 e5
9. dxe6 Bxe6 10. b3 Na6 11. Ng5 Bc8 12. Bb2 Qe7 13. Qc2 h6 14. Nf3 Be6 15. Rad1
Rad8 16. Nh4 Bf7 17. e4 Nxe4 18. Nxe4 Bxb2 19. Nxd6 Be5 20. Nxf7 Qxf7 21. Nf3
Bf6 22. Rxd8 Rxd8 23. Rd1 Re8 24. a3 Nc5 25. Nd2 Ne6 26. Nf3 Ng5 27. Nxg5 hxg5
28. b4 Kg7 29. c5 Re7 30. h3 Qe8 31. Bf3 Re1+ 32. Kg2 Rxd1 1/2-1/2

[Event "TCh-CHN 2019"]
[Site "China CHN"]
[Date "2019.08.22"]
[Round "14.2"]
[Board "3"]
[White "Zeng, Chongsheng"]
[Black "Xu, Yinglun"]
[Result "0-1"]
[WhiteTitle "GM"]
[BlackTitle "GM"]
[WhiteElo "2552"]
[BlackElo "2555"]
[WhiteTeam "Chongqing Sports lottery chess team"]
[BlackTeam "Guangdong Shenzhen Longgang Chess team"]
[WhiteFideId "8603847"]
[BlackFideId "8604940"]
[EventDate "2019.04.09"]

1. e4 e6 2. d4 d5 3. Nc3 Nf6 4. e5 Nfd7 5. f4 c5 6. Nf3 Nc6 7. Be3 a6 8. Qd2 b5
9. dxc5 Bxc5 10. Bd3 Qb6 11. Bf2 h6 12. O-O Bxf2+ 13. Rxf2 O-O 14. a3 f6 15.
exf6 Nxf6 16. Kh1 Bd7 17. Re2 d4 18. Na2 Nd5 19. Re4 Nf6 20. Re2 Nd5 21. Re4 Nf6
22. Qe2 Rae8 23. Nb4 Nxb4 24. axb4 Bc6 25. Re5 Ng4 26. Rc5 Rxf4 27. Bg6 Re7 28.
Ne5 Nxe5 29. Qxe5 Rf6 30. Be4 Ref7 31. Kg1 Bxe4 32. Qxe4 Rf4 33. Qd3 Qb7 34. Qd2
Qe4 35. Re1 d3 36. h3 Qd4+ 37. Kh2 Rf2 38. Rc8+ Kh7 39. Qxd3+ Qxd3 40. cxd3 Rxb2
41. Re4 Rf6 42. Rg4 Rg6 43. Rc6 Rxg4 44. hxg4 Rxb4 45. Rxa6 Rxg4 46. Rxe6 Rg6
47. Re4 Rb6 48. Rb4 Kg6 49. Kg3 Kf5 50. Kf3 h5 51. g3 g5 52. Ke3 Ke5 53. Re4+
Kd5 54. Rd4+ Kc5 55. Re4 b4 56. Re5+ Kd6 57. Rxg5 b3 58. Rg6+ Kc7 59. Rxb6 Kxb6
60. Kd2 Kb5 61. Kc1 Kc5 62. Kd1 Kd4 63. Kd2 b2 64. Kc2 Ke3 65. d4 Kxd4 66. Kxb2
Ke3 67. Kc3 Kf3 68. Kd2 Kxg3 69. Ke1 Kg2 0-1

[Event "TCh-CHN 2019"]
[Site "China CHN"]
[Date "2019.08.22"]
[Round "14.2"]
[Board "4"]
[White "Li, Xueyi"]
[Black "Lei, Tingjie"]
[Result "1/2-1/2"]
[WhiteTitle "WGM"]
[BlackTitle "GM"]
[WhiteElo "2296"]
[BlackElo "2483"]
[WhiteTeam "Guangdong Shenzhen Longgang Chess team"]
[BlackTeam "Chongqing Sports lottery chess team"]
[WhiteFideId "8605912"]
[BlackFideId "8605114"]
[EventDate "2019.04.09"]

1. d4 d5 2. c4 c6 3. Nc3 Nf6 4. Nf3 e6 5. e3 Nbd7 6. Bd3 dxc4 7. Bxc4 b5 8. Be2
Be7 9. O-O Bb7 10. e4 b4 11. e5 bxc3 12. exf6 Bxf6 13. bxc3 c5 14. Be3 cxd4 15.
Nxd4 O-O 16. Bf3 Bxf3 17. Qxf3 Ne5 18. Qe2 Rc8 19. Rad1 Qa5 20. Nb3 Qxc3 21.
Bxa7 Qc4 22. Qxc4 Rxc4 23. Bd4 Ra8 24. Rfe1 Nd7 25. Be3 Ne5 26. Bd4 Nd7 27. Be3
Ne5 28. Bd4 1/2-1/2

[Event "TCh-CHN 2019"]
[Site "China CHN"]
[Date "2019.08.22"]
[Round "14.2"]
[Board "5"]
[White "Ushenina, Anna"]
[Black "Tan, Zhongyi"]
[Result "1/2-1/2"]
[WhiteTitle "GM"]
[BlackTitle "GM"]
[WhiteElo "2416"]
[BlackElo "2502"]
[WhiteTeam "Guangdong Shenzhen Longgang Chess team"]
[BlackTeam "Chongqing Sports lottery chess team"]
[WhiteFideId "14110911"]
[BlackFideId "8603642"]
[EventDate "2019.04.09"]

1. d4 Nf6 2. c4 e6 3. Nc3 Bb4 4. Qc2 d5 5. a3 Bxc3+ 6. Qxc3 Ne4 7. Qc2 c5 8.
dxc5 Nc6 9. e3 Qa5+ 10. Bd2 Nxd2 11. Qxd2 Qxc5 12. cxd5 Qxd5 13. Qxd5 exd5 14.
Nf3 Bg4 15. Be2 O-O-O 16. O-O-O Kb8 17. Rd2 d4 18. Nxd4 Nxd4 19. exd4 Bxe2 20.
Rxe2 Rxd4 21. Re7 Rc8+ 22. Kb1 Rc7 23. Re8+ Rc8 24. Re7 Rc7 25. Re8+ Rc8 26. Re7
Rc7 27. Re8+ 1/2-1/2

[Event "TCh-CHN 2019"]
[Site "China CHN"]
[Date "2019.08.22"]
[Round "14.3"]
[Board "1"]
[White "Vallejo Pons, Francisco"]
[Black "Yu, Ruiyuan"]
[Result "1-0"]
[WhiteTitle "GM"]
[BlackTitle "GM"]
[WhiteElo "2704"]
[BlackElo "2497"]
[WhiteTeam "Hangzhou Bank Team"]
[BlackTeam "Jiangsu team"]
[WhiteFideId "2205530"]
[BlackFideId "8603090"]
[EventDate "2019.04.09"]

1. e4 c6 2. d4 d5 3. e5 Bf5 4. h4 h5 5. Bd3 Bxd3 6. Qxd3 e6 7. Bg5 Qb6 8. Nd2 c5
9. c4 Qxb2 10. Rd1 Nc6 11. Ngf3 Nb4 12. Qe2 cxd4 13. cxd5 d3 14. Qe4 exd5 15.
Qf4 Nc2+ 16. Kf1 Qb6 17. Rh3 Nh6 18. Ne1 Nd4 19. Nxd3 Ne6 20. Qa4+ Qc6 21. Qb3
Nf5 22. Rc1 Qd7 23. Nf4 Be7 24. Nxe6 fxe6 25. Rhc3 Nd4 26. Qb1 Bxg5 27. Qg6+ Kf8
28. Rc7 Rh6 29. Qxg5 Qb5+ 30. Kg1 Nf5 31. Nf3 Qe8 32. Rxg7 Nxg7 33. Qxh6 1-0

[Event "TCh-CHN 2019"]
[Site "China CHN"]
[Date "2019.08.22"]
[Round "14.3"]
[Board "3"]
[White "Bai, Jinshi"]
[Black "Chen, Qi b"]
[Result "1/2-1/2"]
[WhiteTitle "GM"]
[BlackTitle "IM"]
[WhiteElo "2600"]
[BlackElo "2445"]
[WhiteTeam "Hangzhou Bank Team"]
[BlackTeam "Jiangsu team"]
[WhiteFideId "8602280"]
[BlackFideId "8614733"]
[EventDate "2019.04.09"]

1. Nf3 d5 2. g3 g6 3. d4 Nf6 4. Bg2 Bg7 5. O-O O-O 6. c4 c6 7. Qb3 Qb6 8. Nc3
Bf5 9. h3 Na6 10. Qxb6 axb6 11. cxd5 Nxd5 12. Nxd5 cxd5 13. Bd2 Be4 14. e3 Rfc8
15. Rfc1 e6 16. Ne1 Bxg2 17. Kxg2 Kf8 18. a4 Ke8 19. Rxc8+ Rxc8 20. Ra3 Bf6 21.
Nd3 Bd8 22. Bc3 Nb8 23. f3 Nd7 24. Kf2 Rc4 25. Ke2 h5 26. Ra1 Rc8 27. g4 Nf6 28.
Kd2 Bc7 29. Bb4 Bd8 30. Bd6 Be7 31. Be5 Kd7 32. Bf4 Bd6 33. Ne5+ Ke8 34. Kd3 Bb4
35. e4 hxg4 36. hxg4 Nd7 37. Rh1 dxe4+ 38. fxe4 Nxe5+ 39. Bxe5 Be7 40. d5 exd5
41. exd5 Rc5 42. Kd4 f6 43. Bg3 Rc2 44. Rh8+ Kd7 45. Rb8 Bc5+ 46. Kd3 Rxb2 47.
Rxb7+ Kc8 48. Rb8+ Kd7 49. Rb7+ Kc8 50. Rb8+ Kd7 51. Rb7+ 1/2-1/2